[Event "Oskarja Memorial 10th"]
[Site "Chess.com INT"]
[Date "2021.01.16"]
[Round "12"]
[White "Leonardi, Michele"]
[Black "Stih, Metka"]
[Result "1-0"]
[WhiteElo "1693"]
[BlackElo "1171"]
[PlyCount "47"]
[EventDate "2021.01.16"]
[EventType "swiss (blitz)"]
[EventRounds "15"]
[EventCountry "SLO"]
[SourceTitle "CBM 200 Extra"]
[Source "ChessBase"]
[SourceDate "2021.03.31"]
[SourceVersion "1"]
[SourceVersionDate "2021.03.31"]
[SourceQuality "1"]

1. e4 e5 2. Nf3 Nc6 3. Bc4 Nf6 4. d3 h6 5. h3 a6 6. 0-0 Bc5 7. c3 0-0 8. d4 exd4 9. cxd4 Bb4 10. a3 Ba5 11. b4 Bb6 12. Bb2 Nxe4 13. Re1 Re8 14. d5 Ne5 15. Bd4 Nxc4 16. Bxb6 cxb6 17. Qd4 Qc7 18. Rxe4 b5 19. Rxe8+ Kh7 20. Nc3 d6 21. Rae1 Ne5 22. Nxe5 dxe5 23. R1xe5 Bd7 24. Rxa8 1-0

[Event "Oskarja Memorial 10th"]
[Site "Chess.com INT"]
[Date "2021.01.16"]
[Round "8"]
[White "Vidic, Marjan"]
[Black "Leonardi, Michele"]
[Result "0-1"]
[WhiteElo "1508"]
[BlackElo "1693"]
[PlyCount "50"]
[EventDate "2021.01.16"]
[EventType "swiss (blitz)"]
[EventRounds "15"]
[EventCountry "SLO"]
[SourceTitle "CBM 200 Extra"]
[Source "ChessBase"]
[SourceDate "2021.03.31"]
[SourceVersion "1"]
[SourceVersionDate "2021.03.31"]
[SourceQuality "1"]

1. d4 Nf6 2. c4 g6 3. Nc3 d5 4. cxd5 Nxd5 5. e4 Nxc3 6. bxc3 Bg7 7. f4 0-0 8. Nf3 c5 9. e5 cxd4 10. cxd4 Bf5 11. Qb3 Qc7 12. Bc4 e6 13. 0-0 Nc6 14. Be3 Na5 15. Qc3 Nxc4 16. Rac1 Rac8 17. Nd2 b5 18. Qb4 Qb8 19. Nxc4 bxc4 20. Rxc4 Qxb4 21. Rxb4 a6 22. Rfb1 Bxb1 23. Rxb1 Rb8 24. Rc1 Rfc8 25. Kf2 Rxc1 0-1

[Event "SLO-chT3 West"]
[Site "Kocevje"]
[Date "2009.11.14"]
[Round "3"]
[White "Stubljar, Andrej"]
[Black "Leonardi, Michele"]
[Result "1/2-1/2"]
[WhiteElo "2027"]
[BlackElo "1630"]
[PlyCount "69"]
[EventDate "2009.11.13"]
[EventType "swiss"]
[EventRounds "5"]
[EventCountry "SLO"]
[SourceTitle "EXT 2022"]
[Source "ChessBase"]
[SourceDate "2021.10.06"]
[SourceVersion "1"]
[SourceVersionDate "2021.10.06"]
[SourceQuality "1"]

1. d4 Nf6 2. Nf3 d5 3. e3 c6 4. Nbd2 Bg4 5. c4 e6 6. Qb3 Qc7 7. Bd3 Nbd7 8. 0-0 Be7 9. Qc2 Bh5 10. b3 Bg6 11. Bb2 Bd6 12. c5 Be7 13. b4 Bxd3 14. Qxd3 h6 15. a4 0-0 16. a5 a6 17. Ne5 Nh7 18. e4 Nxe5 19. dxe5 Rad8 20. Rad1 Ng5 21. f4 Nxe4 22. Nxe4 dxe4 23. Qxe4 Rxd1 24. Rxd1 Rd8 25. Rxd8+ Qxd8 26. Bd4 Qd5 27. Qxd5 exd5 28. g4 Bh4 29. Kf1 Kf8 30. Ke2 Ke7 31. f5 g6 32. Be3 g5 33. Bd4 Kd7 34. Bc3 Ke7 35. Bd4 1/2-1/2

[Event "SLO-chT2"]
[Site "Ljubljana"]
[Date "2007.11.15"]
[Round "1.6"]
[White "Skok, Joze"]
[Black "Leonardi, Michele"]
[Result "1-0"]
[WhiteElo "2061"]
[BlackElo "1567"]
[PlyCount "155"]
[EventDate "2007.11.15"]
[EventType "team"]
[EventRounds "9"]
[EventCountry "SLO"]
[SourceTitle "CBM 121 Extra"]
[Source "ChessBase"]
[SourceDate "2008.01.10"]
[SourceVersion "1"]
[SourceVersionDate "2008.01.10"]
[SourceQuality "1"]
[WhiteTeam "Domzale"]
[BlackTeam "Komenda"]
[WhiteTeamCountry "SLO"]
[BlackTeamCountry "SLO"]

1. e4 c5 2. c3 Nf6 3. e5 Nd5 4. Nf3 d6 5. d4 Nc6 6. Bc4 e6 7. 0-0 Nb6 8. Bb5 d5 9. Be3 c4 10. b3 a6 11. Bxc6+ bxc6 12. Nbd2 cxb3 13. axb3 Bb7 14. Ng5 h6 15. Qh5 g6 16. Qh3 Bc8 17. f4 Bg7 18. Ngf3 Bd7 19. Rfc1 Nc8 20. b4 Ne7 21. Nb3 Nf5 22. Bf2 Bf8 23. Ra5 Bc8 24. Rca1 Bb7 25. Ne1 Qc8 26. Nd3 h5 27. Ndc5 Bxc5 28. Nxc5 Nh6 29. Qd3 0-0 30. Nxb7 Qxb7 31. Rxa6 Rxa6 32. Qxa6 Qb5 33. Ra5 Qxa6 34. Rxa6 Rc8 35. h3 Nf5 36. Kf1 Ne7 37. Ke2 Kf8 38. Kd3 Ke8 39. Bh4 Nf5 40. Bf2 Ne7 41. Ra7 Nf5 42. Ke2 Kf8 43. Kf3 Nh6 44. Bh4 Nf5 45. Bg5 Kg8 46. g4 hxg4+ 47. hxg4 Ng7 48. Ra1 Ne8 49. Bf6 Nxf6 50. exf6 Rb8 51. f5 g5 52. Re1 Re8 53. Re5 Kf8 54. fxe6 Rxe6 55. Rxg5 Rxf6+ 56. Rf5 Re6 57. Kf4 Kg7 58. b5 cxb5 59. Rxd5 Rb6 60. Ke4 b4 61. cxb4 Rxb4 62. Re5 Kf6 63. Kd5 Rb5+ 64. Kd6 Rb6+ 65. Kc5 Rb1 66. g5+ Kg6 67. d5 f5 68. gxf6 Kxf6 69. Re2 Rc1+ 70. Kb6 Rb1+ 71. Kc7 Rc1+ 72. Kd7 Ra1 73. d6 Kf7 74. Rf2+ Kg6 75. Kc7 Rc1+ 76. Kd8 Re1 77. Rc2 Kf7 78. d7 1-0